MARC

LEADER 00000nam0a2200000 4500
001 155739
005 20231101221846.0
020 |a RU  |b 92-3999 
035 |a (RuTPU)RU\TPU\book\168919 
090 |a 155739 
100 |a 20090318d1990 m a0rusy5003 ca 
101 0 |a rus 
102 |a RU 
105 |a y z 001zy 
200 1 |a Технологическая информатика полимерных материалов  |f В. Ф. Каблов  |g Волгоградский политехнический институт 
210 |a Волгоград  |c Универсал  |d 1990 
215 |a 107,[1] с.  |d 20 см 
320 |a Библиогр.: с. 104-107. (84 назв.) 
610 1 |a полимеры 
610 1 |a информационно-поисковые системы 
610 1 |a технологическая информация 
610 1 |a информация 
610 1 |a переработка 
610 1 |a информационные системы 
610 1 |a банки данных 
675 |a 678.07  |z rus 
700 1 |a Каблов  |b В. Ф.  |g Виктор Федорович  |4 070 
712 0 2 |a Волгоградский политехнический институт  |2 stltpush  |3 (RuTPU)RU\TPU\col\4581  |9 23999 
801 0 |a RU  |b RuMRKP  |c 19950417  |g psbo 
801 1 |a RU  |b 63413507  |c 20090318  |g PSBO 
801 2 |a RU  |b 63413507  |c 20091229  |g PSBO 
942 |c BK